Top 10 Marseille Starting XI - Statistics

General Stats
  • This quiz has been taken 1,066 times
    211 since last reset
  • The average score is 34 of 82
Answer Stats
Team Player % Correct
2008-09, 2009-10, 2017-18, 2019-20 Steve Mandanda
90%
2024-25 Mason Greenwood
83%
2022-23 Alexis Sánchez
82%
2024-25 Gerónimo Rulli
82%
2024-25 Geoffrey Kondogbia
79%
2022-23 Pau López
77%
2017-18, 2019-20 Dimitri Payet
76%
2017-18, 2019-20 Hiroki Sakai
72%
2024-25 Pierre Højbjerg
71%
2022-23 Chancel Mbemba
69%
2019-20 Duje Ćaleta-Car
68%
2022-23, 2024-25 Leonardo Balerdi
68%
1990-91, 1991-92 Abédi Pelé
65%
2021-22, 2022-23 Cengiz Ünder
63%
2017-18 Florian Thauvin
63%
1989-90, 1990-91, 1991-92 Jean-Pierre Papin
63%
1991-92 Didier Deschamps
62%
2024-25 Adrien Rabiot
60%
2024-25 Michael Murillo
56%
2022-23 Sead Kolašinac
55%
2008-09, 2009-10 Mamadou Niang
54%
2019-20, 2022-23, 2024-25 Valentin Rongier
54%
2019-20 Álvaro
53%
1990-91 Bruno Germain
53%
2017-18, 2019-20 Valère Germain
53%
2017-18 Adil Rami
51%
2009-10 Lucho González
51%
2008-09, 2009-10 Mathieu Valbuena
51%
1990-91, 1991-92 Basile Boli
50%
2022-23 Mattéo Guendouzi
49%
2017-18 Andre-Frank Zambo Anguissa
48%
2019-20 Bouna Sarr
48%
1998-99 Laurent Blanc
48%
2024-25 Luis Henrique
47%
2009-10 Gabriel Heinze
46%
2008-09 Taye Taiwo
46%
2017-18 Luiz Gustavo
44%
2024-25 Neal Maupay
44%
2017-18 Rolando
44%
2019-20 Boubacar Kamara
43%
1989-90, 1990-91, 1991-92 Chris Waddle
43%
2009-10 Brandão
41%
2022-23 Jordan Veretout
41%
2009-10 Édouard Cissé
40%
2008-09, 2009-10 Benoît Cheyrou
38%
2017-18, 2019-20 Jordan Amavi
38%
2022-23 Samuel Gigot
38%
2009-10 Souleymane Diawara
38%
2022-23 Jonathan Clauss
36%
2008-09 Lorik Cana
36%
2017-18, 2019-20 Morgan Sanson
36%
2008-09 Hatem Ben Arfa
32%
2024-25 Quentin Merlin
32%
2009-10 Stéphane Mbia
32%
1989-90, 1990-91 Éric Di Meco
31%
1989-90 Franck Sauzée
29%
2008-09, 2009-10 Laurent Bonnart
27%
1998-99 Robert Pirès
27%
2008-09 Bakari Koné
26%
1989-90 Enzo Francéscoli
26%
1990-91, 1991-92 Pascal Olmeta
26%
1998-99 Fabrizio Ravanelli
22%
1991-92 Jocelyn Angloma
22%
2008-09 Vitorino Hilton
22%
1989-90, 1990-91, 1991-92 Carlos Mozer
21%
1989-90, 1990-91, 1991-92 Manuel Amoros
20%
2008-09 Karim Ziani
19%
1998-99 Christophe Dugarry
18%
1998-99 William Gallas
18%
1998-99 Stéphane Porato
13%
1989-90 Jean Tigana
12%
1989-90 Alain Roche
10%
1990-91, 1991-92 Bernard Casoni
10%
1998-99 Florian Maurice
10%
1991-92 Trevor Steven
10%
1998-99 Frédéric Brando
9%
1998-99 Cyril Domoraud
8%
1989-90 Gaétan Huard
8%
1998-99 Patrick Blondeau
8%
1998-99 Peter Luccin
7%
1989-90 Philippe Vercruysse
7%
1990-91 Bernard Pardo
6%
No matching quizzes found
Score Distribution
Percent of People with Each Score
Percentile by Number Answered
Your Score History
You have not taken this quiz since the last reset